000 01101nam a22002417a 4500
005 20240530110948.0
008 221019s2022 ua bh g b 000 0 ara d
017 _a2021/25878
_bمصر. دار الكتب
020 _a978977344482
040 _aEG-CaGPL
_cEG-CaGPL
082 0 4 _221
_a247.912
_bم د
100 0 _aمريم ابراهيم محمد امين ابراهيم
245 1 0 _aدراسة تاريخية موثقة عن طائفة البهرة الاسماعلية فى الهند تاريخها وحقيقة عقيدتها /
_cتاليف مريم ابراهيم محمد امين ابراهيم
250 _aالاولى
260 _aالقاهرة :
_bدار الافاق العربية،
_c2021.
300 _a424 ص. :
_bايض ؛
_c24 سم.
504 _aيشتمل على ارجاعات ببليوجرافية
650 0 7 _2qrmak
_aالفرق الاسلامية
650 0 7 _2qrmak
_aالاسماعلية
_xفرق اسلامية
650 0 7 _2qrmak
_aالبهرة الاسماعلية
_xفرق اسلامية
942 _2ddc
_cBK
999 _c66952
_d66952